<?xml version="1.0" encoding="UTF-8"?>
<resp>
  <nextPage>https://data.bn.org.pl/api/networks/bibs.marcxml?marc=001+b1000002921886&amp;sinceId=1000002921887</nextPage>
  <collection>
    <record xmlns='http://www.loc.gov/MARC21/slim'><leader>04283namZa2200805ZiZ4500</leader><controlfield tag='001'>b1000002921886</controlfield><controlfield tag='005'>20251108084013.5</controlfield><controlfield tag='008'>230513s2001    pl           |000 0 pol c</controlfield><controlfield tag='009'>9913242240305606</controlfield><datafield ind1=' ' ind2=' ' tag='035'><subfield code='a'>(PL)b1000002921886</subfield></datafield><datafield ind1=' ' ind2=' ' tag='040'><subfield code='a'>OLSZT W</subfield><subfield code='c'>OLSZT W</subfield><subfield code='d'>OLSZT W</subfield></datafield><datafield ind1='0' ind2=' ' tag='041'><subfield code='a'>pol</subfield></datafield><datafield ind1='0' ind2=' ' tag='045'><subfield code='b'>d20230513</subfield></datafield><datafield ind1=' ' ind2=' ' tag='046'><subfield code='k'>2001</subfield></datafield><datafield ind1='2' ind2=' ' tag='110'><subfield code='a'>Wojewódzka Biblioteka Publiczna im. Emilii Sukertowej-Biedrawiny (Olsztyn)</subfield></datafield><datafield ind1='1' ind2='0' tag='245'><subfield code='a'>[Dziennik wyjazdów służbowych do bibliotek w województwie warmińsko-mazurskim :</subfield><subfield code='b'>Rybno, Rychliki, Ryn, Susz, Węgorzewo, Wydminy, Wilkasy, Wilczęta, Tokmicko] /</subfield><subfield code='c'>Wojewódzka Biblioteka Publiczna w Olsztynie.</subfield></datafield><datafield ind1=' ' ind2=' ' tag='260'><subfield code='a'>Olsztyn :</subfield><subfield code='b'>Wojewódzka Biblioteka Publiczna,</subfield><subfield code='c'>2001].</subfield></datafield><datafield ind1=' ' ind2=' ' tag='300'><subfield code='a'>[160] k.</subfield><subfield code='b'>Rękopis</subfield></datafield><datafield ind1=' ' ind2=' ' tag='336'><subfield code='a'>Tekst</subfield><subfield code='b'>txt</subfield><subfield code='2'>rdacontent</subfield></datafield><datafield ind1=' ' ind2=' ' tag='337'><subfield code='a'>Bez urządzenia pośredniczącego</subfield><subfield code='b'>n</subfield><subfield code='2'>rdamedia</subfield></datafield><datafield ind1=' ' ind2=' ' tag='338'><subfield code='a'>Wolumin</subfield><subfield code='b'>nc</subfield><subfield code='2'>rdacarrier</subfield></datafield><datafield ind1=' ' ind2=' ' tag='380'><subfield code='a'>Druki ulotne</subfield></datafield><datafield ind1='1' ind2=' ' tag='388'><subfield code='a'>2001-</subfield></datafield><datafield ind1=' ' ind2=' ' tag='520'><subfield code='a'>Dot.: GBP w Rybnie, GOK-BPG Rychliki, MGBP w Rynie, filii w Sterławkach Wielkich, BPMiG w Suszu, MGBP w Węgorzewie, GBP w Wydminach, filii w Siedliskach, GBP w Wilkasach, filii w Bystrym, BPG Wilczęta. Delegacje odbywały się w l. 2001-2005.</subfield></datafield><datafield ind1='2' ind2='7' tag='610'><subfield code='a'>Biblioteka Publiczna Miasta i Gminy (Susz)</subfield><subfield code='2'>DBN</subfield></datafield><datafield ind1='2' ind2='7' tag='610'><subfield code='a'>Wojewódzka Biblioteka Publiczna im. Emilii Sukertowej-Biedrawiny (Olsztyn)</subfield><subfield code='2'>DBN</subfield></datafield><datafield ind1='2' ind2='7' tag='610'><subfield code='a'>Biblioteka Publiczna Gminy Wilczęta</subfield><subfield code='2'>DBN</subfield></datafield><datafield ind1='2' ind2='7' tag='610'><subfield code='a'>Gminna Biblioteka Publiczna (Rybno)</subfield><subfield code='2'>DBN</subfield></datafield><datafield ind1='2' ind2='7' tag='610'><subfield code='a'>Gminny Ośrodek Kultury - Biblioteka Publiczna (Rybniki)</subfield><subfield code='2'>DBN</subfield></datafield><datafield ind1='2' ind2='7' tag='610'><subfield code='a'>Miejsko-Gminna Biblioteka Publiczna (Ryn)</subfield><subfield code='2'>DBN</subfield></datafield><datafield ind1='2' ind2='7' tag='610'><subfield code='a'>Miejsko-Gminna Biblioteka Publiczna (Węgorzewo)</subfield><subfield code='2'>DBN</subfield></datafield><datafield ind1='2' ind2='7' tag='610'><subfield code='a'>Gminna Biblioteka Publiczna (Wilkasy)</subfield><subfield code='2'>DBN</subfield></datafield><datafield ind1='2' ind2='7' tag='610'><subfield code='a'>Gminna Biblioteka Publiczna (Wydminy)</subfield><subfield code='2'>DBN</subfield></datafield><datafield ind1=' ' ind2='7' tag='648'><subfield code='a'>2001-</subfield><subfield code='2'>DBN</subfield></datafield><datafield ind1=' ' ind2='7' tag='650'><subfield code='a'>Biblioteki publiczne</subfield><subfield code='2'>DBN</subfield></datafield><datafield ind1=' ' ind2='7' tag='650'><subfield code='a'>Podróże służbowe</subfield><subfield code='2'>DBN</subfield></datafield><datafield ind1=' ' ind2='7' tag='651'><subfield code='a'>Rybno (woj. warmińsko-mazurskie, pow. działdowski, gm. Rybno)</subfield><subfield code='2'>DBN</subfield></datafield><datafield ind1=' ' ind2='7' tag='651'><subfield code='a'>Rychliki (woj. warmińsko-mazurskie, pow. elbląski, gm. Rychliki)</subfield><subfield code='2'>DBN</subfield></datafield><datafield ind1=' ' ind2='7' tag='651'><subfield code='a'>Ryn (woj. warmińsko-mazurskie, pow. giżycki, gm. Ryn)</subfield><subfield code='2'>DBN</subfield></datafield><datafield ind1=' ' ind2='7' tag='651'><subfield code='a'>Wilczęta (woj. warmińsko-mazurskie, pow. braniewski, gm. Wilczęta)</subfield><subfield code='2'>DBN</subfield></datafield><datafield ind1=' ' ind2='7' tag='651'><subfield code='a'>Bystre (woj. warmińsko-mazurskie, pow. giżycki, gm. Giżycko)</subfield><subfield code='2'>DBN</subfield></datafield><datafield ind1=' ' ind2='7' tag='651'><subfield code='a'>Sterławki Wielkie (woj. warmińsko-mazurskie, pow. giżycki, gm. Ryne)</subfield><subfield code='2'>DBN</subfield></datafield><datafield ind1=' ' ind2='7' tag='651'><subfield code='a'>Susz (woj. warmińsko-mazurskie, pow. iławski, gm. Susz)</subfield><subfield code='2'>DBN</subfield></datafield><datafield ind1=' ' ind2='7' tag='651'><subfield code='a'>Węgorzewo (woj. warmińsko-mazurskie)</subfield><subfield code='2'>DBN</subfield></datafield><datafield ind1=' ' ind2='7' tag='651'><subfield code='a'>Wilkasy (woj. warmińsko-mazurskie, pow. giżycki, gm. Giżycko)</subfield><subfield code='2'>DBN</subfield></datafield><datafield ind1=' ' ind2='7' tag='651'><subfield code='a'>Siedliska (woj. warmińsko-mazurskie, pow. giżycki, gm. Wydminy)</subfield><subfield code='2'>DBN</subfield></datafield><datafield ind1=' ' ind2='7' tag='651'><subfield code='a'>Wydminy (woj. warmińsko-mazurskie, pow. giżycki, gm. Wydminy)</subfield><subfield code='2'>DBN</subfield></datafield><datafield ind1=' ' ind2=' ' tag='658'><subfield code='a'>Bibliotekarstwo, archiwistyka, muzealnictwo</subfield></datafield><datafield ind1=' ' ind2=' ' tag='852'><subfield code='8'>2250915800007665</subfield><subfield code='j'>1</subfield><subfield code='b'>48WBPOREG</subfield><subfield code='p'>961-026392</subfield><subfield code='c'>REGCZT</subfield><subfield code='z'>Publikacja regionalna</subfield></datafield><datafield ind1=' ' ind2=' ' tag='852'><subfield code='b'>48OMNIS_WBPO</subfield><subfield code='8'>991007868642507665</subfield></datafield><datafield ind1=' ' ind2=' ' tag='852'><subfield code='b'>48OMNIS_NETWORK</subfield><subfield code='8'>9913242240305606</subfield></datafield></record>
  </collection>
</resp>
